Detalles MARC
| 000 -CABECERA |
| Longitud fija campo de control |
01489nam a2200361 i 4500 |
| 003 - • IDENTIFICADOR DELl NÚMERO DE CONTROL |
| Identificador del número de control |
CO-BoRNBP |
| 005 - • FECHA Y HORA DE LA ÚLTIMA TRANSACCIÓN |
| Fecha y hora de la última transacción |
20250624154839.0 |
| 007 - • CAMPO FIJO DE DESCRIPCIÓN FÍSICA |
| Campo fijo de descripción física |
ta |
| 008 - • CÓDIGOS DE INFORMACIÓN DE LONGITUD FIJA |
| Códigos de información de longitud fija |
160801s2007 ck a br 000 j spa d |
| 020 ## - • NÚMERO INTERNACIONAL NORMALIZADO PARA LIBROS |
| Número Internacional Normalizado para Libros (ISBN) |
9789583009327 |
| 040 ## - FUENTE DE LA CATALOGACIÓN |
| Centro catalogador de origen |
CO-BoRNBP |
| Lengua de catalogación |
spa |
| Normas de descripción |
rda |
| Centro transcriptor |
CO-BoRNBP |
| 041 0# - • CÓDIGO DE LENGUA |
| Código de lengua del texto/banda sonora o título independiente |
spa |
| 043 ## - CÓDIGO DE ÁREA GEOGRÁFICA |
| Código de área geográfica |
s-ck--- |
| 084 ## - • Clasificación Local Alfanúmerica PNLB |
| Número de clasificación |
C MAC7 |
| 100 1# - • PUNTO DE ACCESO PRINCIPAL-NOMBRE DE PERSONA |
| Nombre de persona |
Macías Zuluaga, Luis Fernando, |
| Fechas asociadas al nombre |
1957- |
| Término indicativo de función |
autor |
| 245 13 - • TITULO PROPIAMENTE DICHO |
| Título |
La rana sin dientes |
| Mención de responsabilidad, etc. |
Luis Fernando Macías ; ilustrado por Jairo Linares Landínez |
| 250 ## - • MENCIÓN DE EDICIÓN |
| Mención de edición |
Primera edición |
| 264 #1 - PRODUCCIÓN, PUBLICACIÓN , DISTRIBUCIÓN, FABRICACIÓN Y COPYRIGHT |
| Lugar de producción, publicación, distribución, fabricación |
Bogotá, Colombia |
| Nombre del productor, editor, distribuidor, fabricante |
Panamericana Editorial |
| Fecha de de producción, publicación, distribución, fabricación o copyright |
2007 |
| 300 ## - • DESCRIPCIÓN FÍSICA |
| Extensión |
124 páginas |
| Otras características físicas |
ilustraciones a color |
| Dimensiones |
21 cm |
| 336 ## - TIPO DE CONTENIDO |
| Término de tipo de contenido |
texto |
| Código de tipo de contenido |
txt |
| Fuente |
rdacontent |
| 337 ## - TIPO DE MEDIO |
| Nombre del tipo de medio |
sin mediación |
| Código del tipo de medio |
n |
| Fuente |
rdamedia |
| 338 ## - TIPO DE SOPORTE |
| Nombre del tipo de soporte |
volumen |
| Código del tipo de soporte |
nc |
| Fuente |
rdacarrier |
| 490 0# - • MENCIÓN DE SERIE |
| Mención de serie |
Corcel |
| 505 0# - • NOTA DE CONTENIDO CON FORMATO |
| Título (R ) |
Yo tengo una rana -- |
| -- |
Los matadores de hormigas -- |
| -- |
El encuentro con la suave Ana, el grillo triste, el jardinero y la princesa, y el sueño de David -- |
| -- |
Historias para ser feliz -- |
| -- |
Una laboriosa reconstrucción -- |
| -- |
Una fiesta de bodas -- |
| -- |
La margarita enamorada. |
| 521 1# - • NOTA DE PÚBLICO DESTINATARIO |
| Nota público destinatario (R ) |
Recomendado para un público infantil mayor de 8 años. |
| 650 07 - • PUNTO DE ACCESO ADICIONAL DE MATERIA - TÉRMINO DE MATERIA |
| Término de materia o nombre geográfico como elemento inicial |
Ranas en la literatura |
| Fuente del encabezamiento o término |
LEMB |
| 650 00 - • PUNTO DE ACCESO ADICIONAL DE MATERIA - TÉRMINO DE MATERIA |
| Término de materia o nombre geográfico como elemento inicial |
Cuentos infantiles colombianos |
| Subdivisión cronológica |
Siglo XX |
| Fuente del encabezamiento o término |
LEMB |
| 650 07 - • PUNTO DE ACCESO ADICIONAL DE MATERIA - TÉRMINO DE MATERIA |
| Término de materia o nombre geográfico como elemento inicial |
Literatura infantil colombiana |
| Subdivisión cronológica |
Siglo XX |
| Fuente del encabezamiento o término |
LEMB |
| 650 07 - • PUNTO DE ACCESO ADICIONAL DE MATERIA - TÉRMINO DE MATERIA |
| Término de materia o nombre geográfico como elemento inicial |
Animales en la literatura |
| Fuente del encabezamiento o término |
LEMB |
| 700 1# - • PUNTO DE ACCESO ADICIONAL - NOMBRE DE PERSONA |
| Nombre de persona |
Linares Landínez, Jairo |
| Término indicativo de función |
ilustrador |
| 942 ## - ENTRADA DE ELEMENTOS AGREGADOS (KOHA) |
| Fuente de clasificaión o esquema |
|
| Koha [por defecto] tipo de item |
Literatura Infantil |